000 00943cam a22002054a 4500
005 20250605164052.0
008 250528s ||||||||||||||||||||||||d
035 _a17333
020 _a1572590696
040 _aGR-AtMCL
_bgre
_dGR-AtMCL
_eAACR2
245 1 _aExploring Psychology / Third Edition
250 _a3rd
260 _bWorth Publishers, Inc,
_c1996
300 _a648
520 _aPreface, Introduction: Thinking Critically with Psychology, Neuroscience and Behavior, The Developing Person, Sensation and Perception, States of Consiousness, Learning, Memory, Thinking and Language and Intelligence, Motivation, Emotions and Stress and Health, Personality, Psychological Disorders, Therapy, Social Psychology, Statistical Reasoning, Sample Answers to Critical Exercises, Glossary, References, Illustration Credits, Name Index, Subject Index.
700 1 _aMyers David G
_9142
942 _cBK
999 _c2760
_d2760